00921cam a22002651 4500001001300000003000400013005001700017008004100034010001700075035002000092040004700112042001200159050001800171100001400189245004200203260003900245300003900284500011200323500008500435650003200520651005600552700002000608730001200628999001500640af 47007156 DLC20260227110841.0900531s1944 ne f 000 0 dut c aaf 47007156  a(OCoLC)21652917 aHoover Library, Stanford Univ.cCSt-HdDLC apremarc00aD745.7.D8bR61 aRot, Jan.10aVijf, jaar hakenkruis over Nederland. a[Amsterdam]b"Paraat,"c1944/1945. a[2] l., 49 plates, [11] p.c20 cm. a"Tekeningen van Jan Rot ... Het woord ter inleiding en de verklarende bijschriften zijn van H. van de Weg." a"De tekeningen ... verschenen voor het merendeel in het illegale blad 'Paraat.'" 0aWorld War, 1939-1945vHumor 0aNetherlandsxHistoryyGerman occupation, 1940-1945.1 aWeg, H. van de.0 aParaat. c3862d3862